The young person's guide to saving the planet (Record no. 596102)

MARC details
000 -LEADER
fixed length control field 00443nam a2200145Ia 4500
008 - FIXED-LENGTH DATA ELEMENTS--GENERAL INFORMATION
fixed length control field 100415s9999 xx 000 0 und d
082 ## - DEWEY DECIMAL CLASSIFICATION NUMBER
Item number 13186
Classification number 639.9
100 ## - MAIN ENTRY--PERSONAL NAME
Personal name Silver Debbie
245 ## - TITLE STATEMENT
Title The young person's guide to saving the planet
260 ## - PUBLICATION, DISTRIBUTION, ETC. (IMPRINT)
Place of publication, distribution, etc LONDON
Date of publication, distribution, etc 1990
Name of publisher, distributor, etc VIRAGO PRESS
365 ## - TRADE PRICE
Price amount 514.28
630 ## - SUBJECT ADDED ENTRY--UNIFORM TITLE
Uniform title The young person's guide to saving the planet
730 ## - ADDED ENTRY--UNIFORM TITLE
Uniform title The young person's guide to saving the planet
942 ## - ADDED ENTRY ELEMENTS (KOHA)
Koha item type Book
Holdings
Withdrawn status Lost status Damaged status Not for loan Home library Current library Date acquired Cost, normal purchase price Total Checkouts Full call number Barcode Date last seen Price effective from Koha item type
        Bombay Natural History Society Bombay Natural History Society 09/02/1994 514.28   639.9 13186 BNHS-13186 04/15/2010 04/15/2010 Book